Technical drawing / (Record no. 544653)
[ view plain ]
| 000 -LEADER | |
|---|---|
| fixed length control field | 00647cam a2200217 i 4500 |
| 020 ## - INTERNATIONAL STANDARD BOOK NUMBER | |
| International Standard Book Number | 021690210X : |
| 082 00 - DEWEY DECIMAL CLASSIFICATION NUMBER | |
| Classification number | 604.2 |
| Author Mark | ABB |
| -- | L-12, P-36 |
| 100 1# - MAIN ENTRY--PERSONAL NAME | |
| Personal name | Abbott, W. |
| 9 (RLIN) | 39365 |
| 245 10 - TITLE STATEMENT | |
| Title | Technical drawing / |
| Statement of responsibility, etc. | [by] W. Abbott. |
| 250 ## - EDITION STATEMENT | |
| Edition statement | 5th ed. / |
| 260 ## - PUBLICATION, DISTRIBUTION, ETC. | |
| Place of publication, distribution, etc. | Glasgow : |
| Name of publisher, distributor, etc. | Blackie, |
| Date of publication, distribution, etc. | 1959. |
| 300 ## - PHYSICAL DESCRIPTION | |
| Extent | various pages |
| Other physical details | ill. ; |
| Dimensions | 26 cm. |
| 500 ## - GENERAL NOTE | |
| General note | Includes index. |
| 526 ## - STUDY PROGRAM INFORMATION NOTE | |
| Program name | 0 |
| Interest level | 0 |
| Reading level | 0 |
| Title point value | 604_200000000000000_ABB |
| 526 ## - STUDY PROGRAM INFORMATION NOTE | |
| Program name | 0 |
| Interest level | 0 |
| Reading level | 0 |
| Title point value | 604_200000000000000_ABB |
| 526 ## - STUDY PROGRAM INFORMATION NOTE | |
| Program name | 0 |
| Interest level | 0 |
| Reading level | 0 |
| Title point value | 604_200000000000000_ABB |
| 650 #0 - SUBJECT ADDED ENTRY--TOPICAL TERM | |
| Topical term or geographic name entry element | Mechanical drawing. |
| 650 #0 - SUBJECT ADDED ENTRY--TOPICAL TERM | |
| Topical term or geographic name entry element | NUST / MCE |
| 9 (RLIN) | 26909 |
| 700 1# - ADDED ENTRY--PERSONAL NAME | |
| Personal name | Hewitt, Thomas Herdman. |
| 9 (RLIN) | 40325 |
| 942 ## - ADDED ENTRY ELEMENTS (KOHA) | |
| Source of classification or shelving scheme | |
| Koha item type | Book |
| Withdrawn status | Lost status | Source of classification or shelving scheme | Damaged status | Not for loan | Permanent Location | Current Location | Date acquired | Total Checkouts | Full call number | Barcode | Date last seen | Price effective from | Koha item type |
|---|---|---|---|---|---|---|---|---|---|---|---|---|---|
| Military College of Engineering (MCE) | Military College of Engineering (MCE) | 05/08/2014 | 604.2 ABB | MCE-944 | 05/08/2014 | 05/08/2014 | Book | ||||||
| Military College of Engineering (MCE) | Military College of Engineering (MCE) | 05/08/2014 | 604.2 ABB | MCE-774 | 05/08/2014 | 05/08/2014 | Book | ||||||
| Military College of Engineering (MCE) | Military College of Engineering (MCE) | 05/08/2014 | 604.2 ABB | MCE-946 | 05/08/2014 | 05/08/2014 | Book |
